| 000 | 00528nam a2200181Ia 4500 | ||
|---|---|---|---|
| 005 | 20250508163526.0 | ||
| 008 | 008 250505s9999 xx 000 0 eng d | ||
| 037 | _aTextual | ||
| 040 |
_aFEDL _beng _cFEDL |
||
| 041 |
_aeng _2eng |
||
| 084 |
_a371.912, KOS _qFEDL |
||
| 100 |
_aKostic Djordje _9775542 |
||
| 245 | 0 | _aSpeech and the hearing impaired child | |
| 260 |
_aCalcutta, India _bIndian Statistical Institute _c1980 |
||
| 300 | _axi,203p | ||
| 942 |
_cTEXL _h371.912, KOS |
||
| 999 |
_c1383878 _d1383878 |
||